• 首页
  • 本馆介绍
  • 公告通知
  • 最新文献
  • 馆藏检索
  • 电子资源
  • 读者导购
  • 参考咨询
  • 我的图书馆
  • 登录
  • 详细信息显示
  • 放入我的书架
  • 预约/预借图书
  • 作者相关作品
  • 分类相关作品
  • 丛书相关作品
  • 出版社相关作品

书目信息

  • 表格格式
  • 工作单格式
  • 卡片格式
题名:
现代中国文艺的价值转向
    
 
作者: 罗嗣亮 著
分册:  
出版信息: 北京   社会科学文献出版社  2015.08
页数: 30,379页
开本: 23cm
丛书名:
单 册:
中图分类: A841.691
科图分类:
主题词: 毛泽东文艺思想--研究
电子资源:
ISBN: 978-7-5097-6125-0
000 01271nam0 2200265 450
001 0120141391231
005 20160516171052.42
010    @a978-7-5097-6125-0@dCNY89.00
100    @a20151211d2015 em y0chiy50 ea
101 0  @achi
102    @aCN@b110000
105    @ay z 000yy
106    @ar
200 1  @a现代中国文艺的价值转向@9xian dai zhong guo wen yi de jia zhi zhuan xiang@e毛泽东文艺思想与实践新探@dValue conversion of modern Chinese literature and art@ea new exploration of Mao Zedong's literary thought and practice@f罗嗣亮著@zeng
210    @a北京@c社会科学文献出版社@d2015.08
215    @a30,379页@d23cm
330    @a本书主要内容包括:革命与启蒙——近现代中国文艺思想的价值主题与毛泽东文艺观形成的基础;革命文艺的方向——延安时期的毛泽东文艺思想;社会主义文艺的探索——新中国成立后13年的毛泽东文艺思想等。
333    @a文艺思想研究人员
510 1  @aValue conversion of modern Chinese literature and art@ea new exploration of Mao Zedong's literary thought and practice@zeng
517 1  @a毛泽东文艺思想与实践新探@9mao ze dong wen yi si xiang yu shi jian xin tan
606 0  @a毛泽东文艺思想@x研究
690    @aA841.691@v5
701  0 @a罗嗣亮@9luo si liang@f(1981-)@4著
801  0 @aCN@b人天书店@c20151211
905    @b876862-67@dA841.691@e143@f6
    
    现代中国文艺的价值转向:毛泽东文艺思想与实践新探=Value conversion of modern Chinese literature and art:a new exploration of Mao Zedong's literary thought and practice/罗嗣亮著.-北京:社会科学文献出版社,2015.08
    30,379页;23cm
    使用对象:文艺思想研究人员
    
    ISBN 978-7-5097-6125-0:CNY89.00
    本书主要内容包括:革命与启蒙——近现代中国文艺思想的价值主题与毛泽东文艺观形成的基础;革命文艺的方向——延安时期的毛泽东文艺思想;社会主义文艺的探索——新中国成立后13年的毛泽东文艺思想等。
●
相关链接 在E读中查询图书 在五车中查询图书 在当当中查询图书 在豆瓣中查询图书


正题名:现代中国文艺的价值转向     索取号:A841.691/143         预约/预借

序号 登录号 条形码 馆藏地/架位号 状态 备注
1 876862   208768626   第一样本阅览室/ [索取号:A841.691/143] 在馆    
2 876863   208768635   教育系资料室/ [索取号:A841.691/143] 在馆    
3 876864   208768644   教育系资料室/ [索取号:A841.691/143] 在馆    
4 876865   208768653   教育系资料室/ [索取号:A841.691/143] 在馆    
5 876866   208768662   第一借阅区/ [索取号:A841.691/143] 已借出,限还日期为2026.05.01
借出人:李阎  
 
6 876867   208768671   第一借阅区/ [索取号:A841.691/143] 在馆    
唐山师范学院图书馆 欢迎您!
大连网信软件有限公司© 版权所有